Geographical information systems as a tool to explore land characteristics and land use : with reference to Costa Rica (Record no. 29291)
[ view plain ]
| 000 -LEADER | |
|---|---|
| fixed length control field | 00549 a2200205 4500 |
| 020 ## - NUMERO INTERNATIONAL NORMALISE DES LIVRES | |
| International Standard Book Number | 90-5485-449-9 |
| 130 ## - VEDETTE PRINCIPALE - TITRE UNIFORME | |
| Language of a work | EN |
| 100 ## - VEDETTE PRINCIPALE - NOM DE PERSONNE | |
| Personal name | STOORVOGEL, Jetse J. |
| 245 ## - TITLE STATEMENT | |
| Title | Geographical information systems as a tool to explore land characteristics and land use : with reference to Costa Rica |
| 260 ## - PUBLICATION, DISTRIBUTION, ETC. (IMPRINT) | |
| Place of publication, distribution, etc | Wageningen |
| 260 ## - PUBLICATION, DISTRIBUTION, ETC. (IMPRINT) | |
| Date of publication, distribution, etc | 1995 |
| 300 ## - PHYSICAL DESCRIPTION | |
| Extent | 151 p. |
| 300 ## - PHYSICAL DESCRIPTION | |
| Other physical details | ill. |
| 650 ## - SUBJECT ADDED ENTRY--TOPICAL TERM | |
| Topical term or geographic name as entry element | Système d'information géographique |
| 650 ## - SUBJECT ADDED ENTRY--TOPICAL TERM | |
| Topical term or geographic name as entry element | terre |
| 650 ## - SUBJECT ADDED ENTRY--TOPICAL TERM | |
| Topical term or geographic name as entry element | utilisation des terres |
| 651 ## - SUBJECT ADDED ENTRY--GEOGRAPHIC NAME | |
| Geographic name | Costa Rica |
| Withdrawn status | Lost status | Damaged status | Not for loan | Location (home branch) | Sublocation or collection (holding branch) | Date acquired | Koha issues (times borrowed) | Koha full call number | Koha date last seen | Copy number | Price effective from | Koha item type | Public note |
|---|---|---|---|---|---|---|---|---|---|---|---|---|---|
| Bibliothèque-Centre de Documentation de la Faculté des Sciences Agronomiques | Bibliothèque-Centre de Documentation de la Faculté des Sciences Agronomiques | pv.1995.011 | 28/02/2009 | 1 | 28/02/2009 | Livre | A.6404 |